000 00378nam a22001457a 4500
020 _a81-7317-405-9
082 _a530
_bKUM/S
245 _aSIMPLIED SCIENCE & TECHNOLOGY
_bSCIENCE BOOK
246 _aSIMPLIED SCIENCE & TECHNOLOGY
_bSCIENCE BOOK
250 _aMEHTA, ANIL
260 _aDELHI
_bASIAB PUBLISHERS
_c2004
300 _a488
520 _aSCIENCE TECHNOLOGY
942 _cBK
999 _c1339
_d1339